<?xml version="1.0" encoding="UTF-8"?>
<record
    xmlns:xsi="http://www.w3.org/2001/XMLSchema-instance"
    xsi:schemaLocation="http://www.loc.gov/MARC21/slim http://www.loc.gov/standards/marcxml/schema/MARC21slim.xsd"
    xmlns="http://www.loc.gov/MARC21/slim">

  <leader>00546nam a2200133 a 4500</leader>
  <controlfield tag="005">20140513081054.0</controlfield>
  <controlfield tag="008">031022s19uu    xx            00    eng d</controlfield>
  <datafield tag="050" ind1=" " ind2=" ">
    <subfield code="a">KIT 523.1</subfield>
    <subfield code="b">3D 1999</subfield>
  </datafield>
  <datafield tag="245" ind1=" " ind2=" ">
    <subfield code="a">3D Ultimate Galaxy :</subfield>
    <subfield code="b">glow in the dark.</subfield>
  </datafield>
  <datafield tag="260" ind1=" " ind2=" ">
    <subfield code="a">Berkely, CA :</subfield>
    <subfield code="b">DaMert Company,</subfield>
    <subfield code="c">1999.</subfield>
  </datafield>
  <datafield tag="500" ind1=" " ind2=" ">
    <subfield code="a">KIT Includes:  3D Solar System Shapes for all 9 planets and the Sun--5 slot-Together 3D celestial Shapes--60 plastic Stars in 3 Different Sizes-String Disks and Putty--Easy to Follow Instruction.</subfield>
  </datafield>
  <datafield tag="650" ind1=" " ind2=" ">
    <subfield code="a">Planets--Kit</subfield>
  </datafield>
  <datafield tag="999" ind1=" " ind2=" ">
    <subfield code="c">116431</subfield>
    <subfield code="d">116431</subfield>
  </datafield>
  <datafield tag="952" ind1=" " ind2=" ">
    <subfield code="0">0</subfield>
    <subfield code="1">0</subfield>
    <subfield code="4">0</subfield>
    <subfield code="5">0</subfield>
    <subfield code="a">EL</subfield>
    <subfield code="b">EL</subfield>
    <subfield code="c">KIT</subfield>
    <subfield code="d">2003-10-22</subfield>
    <subfield code="e">LibFund</subfield>
    <subfield code="g">820.00</subfield>
    <subfield code="l">0</subfield>
    <subfield code="o">KIT 523.1 3D 1999</subfield>
    <subfield code="p">E462</subfield>
    <subfield code="r">2014-05-13 00:00:00</subfield>
    <subfield code="w">2014-05-13</subfield>
    <subfield code="y">KIT</subfield>
  </datafield>
</record>
